အကျော်ဒေးယျ ဗုဒ္ဓသမီးတော်များ (Record no. 36942)

000 -LEADER
fixed length control field 00810nam a22001937a 4500
005 - DATE AND TIME OF LATEST TRANSACTION
control field 20241005111507.0
008 - FIXED-LENGTH DATA ELEMENTS--GENERAL INFORMATION
fixed length control field 240628b ||||| |||| 00| 0 eng d
040 ## - CATALOGING SOURCE
Transcribing agency SSBUL
041 ## - LANGUAGE CODE
Language code of text/sound track or separate title Myanmar
082 ## - DEWEY DECIMAL CLASSIFICATION NUMBER
Edition number 23
Classification number ၂၉၄.၃၀၉၂ သု
Item number ၉၁၇၂ S-SAT
100 0# - MAIN ENTRY--PERSONAL NAME
Personal name သုခ
245 10 - TITLE STATEMENT
Title အကျော်ဒေးယျ ဗုဒ္ဓသမီးတော်များ
Statement of responsibility, etc. သုခ။
250 ## - EDITION STATEMENT
Edition statement ပဉ္စမအကြိမ်။
260 ## - PUBLICATION, DISTRIBUTION, ETC.
Place of publication, distribution, etc. ရန်ကုန် ၊
Name of publisher, distributor, etc. တက်လမ်းစာပေ၊
Date of publication, distribution, etc. ၁၉၉၈။
300 ## - PHYSICAL DESCRIPTION
Extent ၂၁၉ စာမျက်နှာ ၊
Dimensions ၁၈ စင်တီ။
500 ## - GENERAL NOTE
General note S-SAT: Dr. Sai Aung Tun
650 ## - SUBJECT ADDED ENTRY--TOPICAL TERM
Topical term or geographic name entry element ဗုဒ္ဓသမီးတော်များ
General subdivision အတ္ထုပ္ပတ္တိ
9 (RLIN) 45688
942 ## - ADDED ENTRY ELEMENTS (KOHA)
Source of classification or shelving scheme
Koha item type Book (Short term)
Holdings
Withdrawn status Lost status Source of classification or shelving scheme Damaged status Not for loan Collection code Permanent Location Current Location Shelving location Date acquired Total Checkouts Full call number Barcode Date last seen Price effective from Koha item type Accession
          Special Collections Shan State Buddhist University Library Shan State Buddhist University Library Special Collection Shelves 28/06/2024   ၂၉၄.၃၀၉၂ သု ၉၁၇၂ S-SAT MB00009172 28/06/2024 28/06/2024 Book (Short term) ၉၁၇၂ S-SAT

Library - 09407999929
Admin Office - 09407999979
Dean Office - 09250910768
Registrar Office - 09892297154
Email - [email protected]
Shan State Buddhist University, Phaya Phyu Taunggyi, Shan State, Myanmar.